LDR 00621naa#a2200181#i#450# 001 EN\INFRA-M\bibl\126025 005 20260701212058.3 011 ## _a2587-9111 100 ## _a20260617b2026####ek#y0engy0150####ca 102 ## _aRU 200 1# _aRegionalization of Education as a Vector of Economic System Resistance _eJournal article 210 1# _aMoscow _cINFRA-M Academic Publishing LLC. _d2026 215 ## _a7 с. 608 ## _aJournal article _2local 675 ## _aЭкономика. Народное хозяйство. Экономические науки. 33 _z 700 #1 _aVoropaeva _gD. A. 700 #1 _aYudina _gO. V. 856 4# _anaukaru.ru _u